<?xml version="1.0" encoding="UTF-8"?>
<record
    xmlns:xsi="http://www.w3.org/2001/XMLSchema-instance"
    xsi:schemaLocation="http://www.loc.gov/MARC21/slim http://www.loc.gov/standards/marcxml/schema/MARC21slim.xsd"
    xmlns="http://www.loc.gov/MARC21/slim">

  <leader>03705nam0a2200409   4500</leader>
  <controlfield tag="001">RU\NLR\BIBL_A\012733350</controlfield>
  <controlfield tag="005">20220527114945.0</controlfield>
  <datafield tag="010" ind1=" " ind2=" ">
    <subfield code="a">978-5-91742-041-7</subfield>
  </datafield>
  <datafield tag="021" ind1=" " ind2=" ">
    <subfield code="a">RU</subfield>
    <subfield code="b">&#x41A;&#x41D;-&#x41F;-21-080562</subfield>
    <subfield code="9">&#x41A;&#x41D;-&#x41F;-21-6408</subfield>
  </datafield>
  <datafield tag="035" ind1=" " ind2=" ">
    <subfield code="a">(NLR Aleph) 012733350</subfield>
  </datafield>
  <datafield tag="035" ind1=" " ind2=" ">
    <subfield code="a">(RuMoRGB)010885794</subfield>
  </datafield>
  <datafield tag="090" ind1=" " ind2=" ">
    <subfield code="a">12979428</subfield>
    <subfield code="c">12979428</subfield>
  </datafield>
  <datafield tag="100" ind1=" " ind2=" ">
    <subfield code="a">20220318d2021    u  y0rusy50      ca</subfield>
  </datafield>
  <datafield tag="101" ind1="0" ind2=" ">
    <subfield code="a">rus</subfield>
  </datafield>
  <datafield tag="102" ind1=" " ind2=" ">
    <subfield code="a">RU</subfield>
  </datafield>
  <datafield tag="105" ind1=" " ind2=" ">
    <subfield code="a">acb z   000zy</subfield>
  </datafield>
  <datafield tag="181" ind1=" " ind2="0">
    <subfield code="a">i </subfield>
    <subfield code="b">axxe  </subfield>
  </datafield>
  <datafield tag="182" ind1=" " ind2="1">
    <subfield code="a">n</subfield>
  </datafield>
  <datafield tag="200" ind1="1" ind2=" ">
    <subfield code="a">&#x41C;&#x438;&#x441;&#x442;&#x438;&#x43A;&#x438; &#x438; &#x43C;&#x430;&#x433;&#x438; &#x41C;&#x435;&#x43A;&#x441;&#x438;&#x43A;&#x438;</subfield>
    <subfield code="e">&#x43C;&#x438;&#x444;&#x44B;, &#x440;&#x438;&#x442;&#x443;&#x430;&#x43B;&#x44B; &#x438; &#x434;&#x443;&#x445;&#x43E;&#x432;&#x43D;&#x44B;&#x435; &#x443;&#x447;&#x435;&#x43D;&#x438;&#x44F; &#x448;&#x430;&#x43C;&#x430;&#x43D;&#x43E;&#x432;-&#x43C;&#x430;&#x440;&#x430;&#x430;&#x43A;&#x430;&#x43C;&#x435; &#x438;&#x437; &#x43C;&#x435;&#x43A;&#x441;&#x438;&#x43A;&#x430;&#x43D;&#x441;&#x43A;&#x43E;&#x433;&#x43E; &#x43F;&#x43B;&#x435;&#x43C;&#x435;&#x43D;&#x438; &#x443;&#x438;&#x447;&#x43E;&#x43B;&#x435;&#x439;</subfield>
    <subfield code="f">&#x41F;&#x430;&#x432;&#x435;&#x43B; &#x411;&#x435;&#x440;&#x441;&#x43D;&#x435;&#x432;</subfield>
  </datafield>
  <datafield tag="203" ind1=" " ind2=" ">
    <subfield code="a">&#x422;&#x435;&#x43A;&#x441;&#x442;</subfield>
    <subfield code="b">&#x432;&#x438;&#x437;&#x443;&#x430;&#x43B;&#x44C;&#x43D;&#x44B;&#x439;</subfield>
    <subfield code="c">&#x43D;&#x435;&#x43F;&#x43E;&#x441;&#x440;&#x435;&#x434;&#x441;&#x442;&#x432;&#x435;&#x43D;&#x43D;&#x44B;&#x439;</subfield>
  </datafield>
  <datafield tag="210" ind1=" " ind2=" ">
    <subfield code="a">&#x41C;&#x43E;&#x441;&#x43A;&#x432;&#x430;</subfield>
    <subfield code="c">&#x412;&#x435;&#x43B;&#x438;&#x433;&#x43E;&#x440;</subfield>
    <subfield code="d">2021</subfield>
  </datafield>
  <datafield tag="215" ind1=" " ind2=" ">
    <subfield code="a">170 &#x441;., [6] &#x43B;. &#x446;&#x432;. &#x438;&#x43B;., &#x446;&#x432;. &#x43F;&#x43E;&#x440;&#x442;&#x440;., &#x446;&#x432;. &#x43A;&#x430;&#x440;&#x442;&#x430;</subfield>
    <subfield code="c">&#x438;&#x43B;.</subfield>
    <subfield code="d">22</subfield>
  </datafield>
  <datafield tag="300" ind1=" " ind2=" ">
    <subfield code="a">&#x41D;&#x430; 4-&#x439; &#x441;. &#x43E;&#x431;&#x43B;. &#x430;&#x432;&#x442;.: &#x411;&#x435;&#x440;&#x441;&#x43D;&#x435;&#x432; &#x41F;. &#x412;., &#x430;&#x43D;&#x442;&#x440;&#x43E;&#x43F;&#x43E;&#x43B;&#x43E;&#x433;, &#x440;&#x435;&#x43B;&#x438;&#x433;&#x438;&#x43E;&#x432;&#x435;&#x434;, &#x44D;&#x442;&#x43D;&#x43E;&#x433;&#x440;&#x430;&#x444;, &#x434;&#x435;&#x439;&#x441;&#x442;&#x432;. &#x447;&#x43B;. &#x420;&#x443;&#x441;. &#x433;&#x435;&#x43E;&#x433;&#x440;. &#x43E;&#x431;-&#x432;&#x430;</subfield>
  </datafield>
  <datafield tag="320" ind1=" " ind2=" ">
    <subfield code="a">&#x411;&#x438;&#x431;&#x43B;&#x438;&#x43E;&#x433;&#x440;.: &#x441;. 167-170 (51 &#x43D;&#x430;&#x437;&#x432;.) &#x438; &#x432; &#x43F;&#x43E;&#x434;&#x441;&#x442;&#x440;&#x43E;&#x447;. &#x43F;&#x440;&#x438;&#x43C;&#x435;&#x447;.</subfield>
  </datafield>
  <datafield tag="320" ind1=" " ind2=" ">
    <subfield code="a">&#x414;&#x440;. &#x43A;&#x43D;. &#x430;&#x432;&#x442;. &#x43D;&#x430; 4-&#x439; &#x441;. &#x43E;&#x431;&#x43B;.</subfield>
  </datafield>
  <datafield tag="330" ind1=" " ind2=" ">
    <subfield code="a">&#x412; &#x43A;&#x43D;&#x438;&#x433;&#x435; &#x43F;&#x440;&#x435;&#x434;&#x441;&#x442;&#x430;&#x432;&#x43B;&#x435;&#x43D;&#x44B; &#x443;&#x43D;&#x438;&#x43A;&#x430;&#x43B;&#x44C;&#x43D;&#x44B;&#x435; &#x43C;&#x430;&#x442;&#x435;&#x440;&#x438;&#x430;&#x43B;&#x44B;, &#x43F;&#x43E;&#x441;&#x432;&#x44F;&#x449;&#x435;&#x43D;&#x43D;&#x44B;&#x435; &#x434;&#x443;&#x445;&#x43E;&#x432;&#x43D;&#x43E;&#x439; &#x436;&#x438;&#x437;&#x43D;&#x438; &#x43C;&#x435;&#x43A;&#x441;&#x438;&#x43A;&#x430;&#x43D;&#x441;&#x43A;&#x43E;&#x433;&#x43E; &#x43D;&#x430;&#x440;&#x43E;&#x434;&#x430; &#x443;&#x438;&#x447;&#x43E;&#x43B;&#x435;&#x439; - &#x437;&#x430;&#x433;&#x430;&#x434;&#x43E;&#x447;&#x43D;&#x43E;&#x433;&#x43E; &#x438;&#x43D;&#x434;&#x435;&#x439;&#x441;&#x43A;&#x43E;&#x433;&#x43E; &#x43F;&#x43B;&#x435;&#x43C;&#x435;&#x43D;&#x438;, &#x432; &#x43C;&#x438;&#x440;&#x43E;&#x432;&#x43E;&#x437;&#x437;&#x440;&#x435;&#x43D;&#x438;&#x438; &#x43A;&#x43E;&#x442;&#x43E;&#x440;&#x43E;&#x433;&#x43E; &#x43E;&#x441;&#x43E;&#x431;&#x443;&#x44E; &#x440;&#x43E;&#x43B;&#x44C; &#x438;&#x433;&#x440;&#x430;&#x435;&#x442; &#x442;&#x440;&#x438;&#x430;&#x434;&#x430; &lt;&#x43E;&#x43B;&#x435;&#x43D;&#x44C; - &#x43F;&#x435;&#x439;&#x43E;&#x442; - &#x43C;&#x430;&#x438;&#x441;&gt; &#x438; &#x43F;&#x430;&#x43B;&#x43E;&#x43C;&#x43D;&#x438;&#x447;&#x435;&#x441;&#x442;&#x432;&#x43E; &#x432; &#x441;&#x432;&#x44F;&#x449;&#x435;&#x43D;&#x43D;&#x443;&#x44E; &#x43F;&#x443;&#x441;&#x442;&#x44B;&#x43D;&#x44E; &#x412;&#x438;&#x440;&#x438;&#x43A;&#x443;&#x442;&#x430;. &#x412; &#x440;&#x430;&#x431;&#x43E;&#x442;&#x435; &#x43F;&#x440;&#x438;&#x432;&#x435;&#x434;&#x435;&#x43D;&#x44B; &#x43D;&#x43E;&#x432;&#x44B;&#x435; &#x434;&#x430;&#x43D;&#x43D;&#x44B;&#x435; - &#x43C;&#x438;&#x444;&#x44B;, &#x440;&#x438;&#x442;&#x443;&#x430;&#x43B;&#x44B;, &#x448;&#x430;&#x43C;&#x430;&#x43D;&#x441;&#x43A;&#x438;&#x435; &#x43F;&#x440;&#x430;&#x43A;&#x442;&#x438;&#x43A;&#x438;, &#x43D;&#x435; &#x438;&#x437;&#x432;&#x435;&#x441;&#x442;&#x43D;&#x44B;&#x435; &#x440;&#x430;&#x43D;&#x435;&#x435; &#x43D;&#x438; &#x440;&#x43E;&#x441;&#x441;&#x438;&#x439;&#x441;&#x43A;&#x43E;&#x439; &#x433;&#x443;&#x43C;&#x430;&#x43D;&#x438;&#x442;&#x430;&#x440;&#x43D;&#x43E;&#x439; &#x43D;&#x430;&#x443;&#x43A;&#x435;, &#x43D;&#x438; &#x448;&#x438;&#x440;&#x43E;&#x43A;&#x43E;&#x439; &#x43F;&#x443;&#x431;&#x43B;&#x438;&#x43A;&#x435;. &#x41A;&#x43D;&#x438;&#x433;&#x430; &#x43E;&#x441;&#x43D;&#x43E;&#x432;&#x430;&#x43D;&#x430; &#x43D;&#x430; &#x43F;&#x43E;&#x43B;&#x435;&#x432;&#x44B;&#x445; &#x43C;&#x430;&#x442;&#x435;&#x440;&#x438;&#x430;&#x43B;&#x430;&#x445; &#x430;&#x43D;&#x442;&#x440;&#x43E;&#x43F;&#x43E;&#x43B;&#x43E;&#x433;&#x430;, &#x440;&#x435;&#x43B;&#x438;&#x433;&#x438;&#x43E;&#x432;&#x435;&#x434;&#x430; &#x438; &#x44D;&#x442;&#x43D;&#x43E;&#x433;&#x440;&#x430;&#x444;&#x430; &#x41F;&#x430;&#x432;&#x43B;&#x430; &#x411;&#x435;&#x440;&#x441;&#x43D;&#x435;&#x432;&#x430;, &#x43F;&#x440;&#x43E;&#x432;&#x43E;&#x434;&#x44F;&#x449;&#x435;&#x433;&#x43E; &#x44D;&#x442;&#x43D;&#x43E;&#x43B;&#x43E;&#x433;&#x438;&#x447;&#x435;&#x441;&#x43A;&#x438;&#x435; &#x438;&#x441;&#x441;&#x43B;&#x435;&#x434;&#x43E;&#x432;&#x430;&#x43D;&#x438;&#x44F; &#x432; &#x41B;&#x430;&#x442;&#x438;&#x43D;&#x441;&#x43A;&#x43E;&#x439; &#x410;&#x43C;&#x435;&#x440;&#x438;&#x43A;&#x435; &#x43D;&#x430; &#x43F;&#x440;&#x43E;&#x442;&#x44F;&#x436;&#x435;&#x43D;&#x438;&#x438; &#x443;&#x436;&#x435; &#x43F;&#x43E;&#x447;&#x442;&#x438; &#x434;&#x432;&#x430;&#x434;&#x446;&#x430;&#x442;&#x438; &#x43B;&#x435;&#x442;, &#x438; &#x441;&#x43E;&#x432;&#x440;&#x435;&#x43C;&#x435;&#x43D;&#x43D;&#x44B;&#x445; &#x430;&#x43D;&#x442;&#x440;&#x43E;&#x43F;&#x43E;&#x43B;&#x43E;&#x433;&#x438;&#x447;&#x435;&#x441;&#x43A;&#x438;&#x445; &#x438; &#x44D;&#x442;&#x43D;&#x43E;&#x433;&#x440;&#x430;&#x444;&#x438;&#x447;&#x435;&#x441;&#x43A;&#x438;&#x445; &#x442;&#x440;&#x443;&#x434;&#x430;&#x445; &#x43F;&#x43E; &#x434;&#x443;&#x445;&#x43E;&#x432;&#x43D;&#x43E;&#x439; &#x438; &#x43C;&#x430;&#x442;&#x435;&#x440;&#x438;&#x430;&#x43B;&#x44C;&#x43D;&#x43E;&#x439; &#x43A;&#x443;&#x43B;&#x44C;&#x442;&#x443;&#x440;&#x435; &#x443;&#x438;&#x447;&#x43E;&#x43B;&#x435;&#x439; &#x441;&#x43E; &#x432;&#x440;&#x435;&#x43C;&#x435;&#x43D; &#x430;&#x441;&#x442;&#x435;&#x43A;&#x441;&#x43A;&#x43E;&#x439; &#x438;&#x43C;&#x43F;&#x435;&#x440;&#x438;&#x438; &#x434;&#x43E; &#x43D;&#x430;&#x448;&#x438;&#x445; &#x434;&#x43D;&#x435;&#x439;. &#x41A;&#x43D;&#x438;&#x433;&#x430; &#x431;&#x443;&#x434;&#x435;&#x442; &#x438;&#x43D;&#x442;&#x435;&#x440;&#x435;&#x441;&#x43D;&#x430; &#x43A;&#x430;&#x43A; &#x441;&#x43F;&#x435;&#x446;&#x438;&#x430;&#x43B;&#x438;&#x441;&#x442;&#x430;&#x43C; - &#x430;&#x43D;&#x442;&#x440;&#x43E;&#x43F;&#x43E;&#x43B;&#x43E;&#x433;&#x430;&#x43C;, &#x440;&#x435;&#x43B;&#x438;&#x433;&#x438;&#x43E;&#x432;&#x435;&#x434;&#x430;&#x43C;, &#x44D;&#x442;&#x43D;&#x43E;&#x433;&#x440;&#x430;&#x444;&#x430;&#x43C;, &#x43A;&#x443;&#x43B;&#x44C;&#x442;&#x443;&#x440;&#x43E;&#x43B;&#x43E;&#x433;&#x430;&#x43C;, &#x442;&#x430;&#x43A; &#x438; &#x448;&#x438;&#x440;&#x43E;&#x43A;&#x43E;&#x439; &#x43F;&#x443;&#x431;&#x43B;&#x438;&#x43A;&#x435;, &#x438;&#x43D;&#x442;&#x435;&#x440;&#x435;&#x441;&#x443;&#x44E;&#x449;&#x435;&#x439;&#x441;&#x44F; &#x442;&#x440;&#x430;&#x434;&#x438;&#x446;&#x438;&#x43E;&#x43D;&#x43D;&#x43E;&#x439; &#x434;&#x443;&#x445;&#x43E;&#x432;&#x43D;&#x43E;&#x439; &#x43A;&#x443;&#x43B;&#x44C;&#x442;&#x443;&#x440;&#x43E;&#x439; &#x41C;&#x435;&#x437;&#x43E;&#x430;&#x43C;&#x435;&#x440;&#x438;&#x43A;&#x438; &#x438; &#x448;&#x430;&#x43C;&#x430;&#x43D;&#x441;&#x43A;&#x438;&#x43C;&#x438; &#x43F;&#x440;&#x430;&#x43A;&#x442;&#x438;&#x43A;&#x430;&#x43C;&#x438; &#x41B;&#x430;&#x442;&#x438;&#x43D;&#x441;&#x43A;&#x43E;&#x439; &#x410;&#x43C;&#x435;&#x440;&#x438;&#x43A;&#x438;</subfield>
  </datafield>
  <datafield tag="606" ind1="1" ind2=" ">
    <subfield code="a">&#x428;&#x430;&#x43C;&#x430;&#x43D;&#x438;&#x437;&#x43C; &#x443; &#x438;&#x43D;&#x434;&#x435;&#x439;&#x446;&#x435;&#x432;</subfield>
    <subfield code="2">nlr_sh1</subfield>
    <subfield code="2">nlr_sh2</subfield>
    <subfield code="3">RU\NLR\AUTH\661344920</subfield>
  </datafield>
  <datafield tag="606" ind1="1" ind2=" ">
    <subfield code="a">&#x41C;&#x430;&#x433;&#x438;&#x44F;</subfield>
    <subfield code="x">&#x42D;&#x442;&#x43D;&#x43E;&#x433;&#x440;&#x430;&#x444;&#x438;&#x447;&#x435;&#x441;&#x43A;&#x438;&#x435; &#x438;&#x441;&#x441;&#x43B;&#x435;&#x434;&#x43E;&#x432;&#x430;&#x43D;&#x438;&#x44F;</subfield>
    <subfield code="y">&#x41C;&#x435;&#x43A;&#x441;&#x438;&#x43A;&#x430;</subfield>
    <subfield code="2">nlr_sh1</subfield>
    <subfield code="2">nlr_sh2</subfield>
    <subfield code="3">RU\NLR\AUTH\661259381</subfield>
  </datafield>
  <datafield tag="606" ind1="1" ind2=" ">
    <subfield code="a">&#x423;&#x438;&#x447;&#x43E;&#x43B;&#x438;</subfield>
    <subfield code="x">&#x42D;&#x442;&#x43D;&#x43E;&#x433;&#x440;&#x430;&#x444;&#x438;&#x447;&#x435;&#x441;&#x43A;&#x438;&#x435; &#x438;&#x441;&#x441;&#x43B;&#x435;&#x434;&#x43E;&#x432;&#x430;&#x43D;&#x438;&#x44F;</subfield>
    <subfield code="2">nlr_sh2</subfield>
    <subfield code="3">RU\NLR\AUTH\6601705596</subfield>
  </datafield>
  <datafield tag="686" ind1="1" ind2=" ">
    <subfield code="a">&#x42D;240.03</subfield>
  </datafield>
  <datafield tag="686" ind1="1" ind2=" ">
    <subfield code="a">&#x42D;319.2(7&#x41C;&#x435;)</subfield>
  </datafield>
  <datafield tag="686" ind1="1" ind2=" ">
    <subfield code="a">&#x422;52(74&#x41C;=&#x41E;&#x422;)</subfield>
  </datafield>
  <datafield tag="700" ind1=" " ind2="1">
    <subfield code="a">&#x411;&#x435;&#x440;&#x441;&#x43D;&#x435;&#x432;</subfield>
    <subfield code="b">&#x41F;.&#x412;.</subfield>
    <subfield code="f">1971 -</subfield>
    <subfield code="g">&#x41F;&#x430;&#x432;&#x435;&#x43B; &#x412;&#x430;&#x43B;&#x435;&#x440;&#x44C;&#x435;&#x432;&#x438;&#x447;</subfield>
    <subfield code="3">RU\NLR\AUTH\7727369</subfield>
  </datafield>
  <datafield tag="942" ind1=" " ind2=" ">
    <subfield code="c">BOOK</subfield>
  </datafield>
  <datafield tag="980" ind1=" " ind2=" ">
    <subfield code="a">NB</subfield>
  </datafield>
  <datafield tag="995" ind1=" " ind2=" ">
    <subfield code="5">2022-03-18</subfield>
    <subfield code="a">ad</subfield>
    <subfield code="b">NLR01</subfield>
    <subfield code="c">NLR01</subfield>
    <subfield code="e">RF81</subfield>
    <subfield code="f">1-3733015</subfield>
    <subfield code="k">2022-5/2717</subfield>
    <subfield code="o">0</subfield>
    <subfield code="r">BOOK</subfield>
    <subfield code="s">202252717_</subfield>
  </datafield>
  <datafield tag="995" ind1=" " ind2=" ">
    <subfield code="5">2022-03-18</subfield>
    <subfield code="a">ad</subfield>
    <subfield code="b">NLR01</subfield>
    <subfield code="c">NLR01</subfield>
    <subfield code="e">RF81</subfield>
    <subfield code="f">1-3733016</subfield>
    <subfield code="k">2022-5/2717</subfield>
    <subfield code="o">0</subfield>
    <subfield code="r">BOOK</subfield>
    <subfield code="s">202252717_</subfield>
  </datafield>
</record>
